000 00314 a2200109 4500
001 ART_11199
005 20260410161855.0
008 260409a
245 1 0 _aEl Keynesianismo en los Estados Unidos
100 1 _aDobbs, Zigmund
773 0 _tRevista de Economía
_g- Nº 37 (jun. 1983)
_wREV11077
999 _c25381
_d25381